| 000 | 03061cam a22003371i 4500 | ||
|---|---|---|---|
| 003 | SA-RiAUC | ||
| 005 | 20250415072823.0 | ||
| 008 | 250415s1983 le g b 00010bara c | ||
| 040 |
_aSA-MdTU _bara _cSA-RiAUC _erda |
||
| 082 | 0 | 4 |
_a239 _qSA-RiAUC |
| 090 |
_a239 _bا ب ن ط |
||
| 100 | 1 |
_aابن طولون، محمد بن علي بن أحمد، _d880-953 هجري _eمؤلف. |
|
| 245 | 1 | 0 |
_aإعلام السائلين عن كتب سيد المرسلين صلى الله عليه وسلم / _cصنفه محمد بن طولون الدمشقي ؛ راجعه عبد القادر الأرناؤوط ؛ حققه محمود الأرناؤوط. |
| 250 | _aالطبعة الثانية، مزيدة ومنقحة. | ||
| 264 | 1 |
_aبيروت : _bمؤسسة الرسالة، _c1983 |
|
| 300 |
_a168 صفحة ؛ _c24 سم |
||
| 336 |
_aنص _btxt _2rdacontent _3كتاب |
||
| 337 |
_aبدون وسيط _bn _2rdamedia |
||
| 338 |
_aمجلد _bnc _2rdacarrier |
||
| 504 | _aيشتمل على ببليوجرافية. | ||
| 600 | 0 | 7 |
_aمحمد (صلى الله عليه وسلم)، _d53 قبل الهجرة-11 هجري _vمراسلات _2aucnm |
| 650 | 7 |
_aالسيرة النبوية _2aucsh |
|
| 650 | 7 |
_aالإسلام _xتاريخ _yعصر صدر الإسلام _2aucsh |
|
| 700 | 1 | 2 |
_iتحقيق لـ (عمل) : _aابن طولون، محمد بن علي بن أحمد، _d880-953 هجري. _tإعلام السائلين عن كتب سيد المرسلين |
| 700 | 1 |
_aالأرناؤوط، عبد القادر، _d1928-2004 _eمراجع. |
|
| 700 | 1 |
_aالأرناؤوط، محمود، _d1954- _eمحقق. |
|
| 856 |
_uhttp://dlib.nyu.edu/aco/book/columbia_aco000499/1?lang=ar _yDigital Copy _2 نرجو الانتباه لإمكانية وجود اختلاف في الطبعة أو الناشر بين البيانات على البوابة وما ستجده على الكتاب نظرا لمحدودية المعلومات المتاحة على الموقع الناشر للمادة. _3Please note that there may be a difference in the edition or publisher between the data on the portal and the book due to the limited information available on the publisher website for the material. |
||
| 856 |
_uhttp://dl-img.home.nyu.edu/adore-djatoka/resolver?url_ver=Z39.88-2004&svc_id=info%3Alanl-repo/svc/getRegion&svc_val_fmt=info%3Aofi/fmt%3Akev%3Amtx%3Ajpeg2000&svc.format=image/jpeg&rft_id=http%3A//dlib.nyu.edu/files/books/columbia_aco000499/columbia_aco000499_afr01_d.jp2&svc.scale=230 _yCoverImage _2 نرجو الانتباه لإمكانية وجود اختلاف في الطبعة أو الناشر بين البيانات على البوابة وما ستجده على الكتاب نظرا لمحدودية المعلومات المتاحة على الموقع الناشر للمادة. _3Please note that there may be a difference in the edition or publisher between the data on the portal and the book due to the limited information available on the publisher website for the material. |
||
| 942 |
_2ddc _cBOOK _n0 |
||
| 949 |
_aSA-JeALM _d250415 _umohamedma123 _n1 |
||
| 999 |
_c7069 _d7069 |
||